[Event "European Club Cup Femenino 2014"]
[Site "Bilbao ESP"]
[Date "2014.09.18"]
[Round "5.1"]
[White "Vardi, Shlomit"]
[Black "Kashlinskaya, Alina"]
[Result "0-1"]
[WhiteElo "1957"]
[BlackElo "2433"]
[PlyCount "56"]
[EventDate "2014.09.14"]
[EventType "swiss"]
[EventRounds "7"]
[EventCountry "ESP"]
[Source "lmi"]
[SourceDate "2014.09.14"]
[WhiteTeam "Rishon Letzion"]
[BlackTeam "SHSM"]

1. e4 c6 2. d3 d5 3. Nd2 e5 4. Ngf3 Bd6 5. d4 exd4 6. Bd3 Ne7 7. h3 O-O 8. O-O
c5 9. exd5 Nxd5 10. Ne4 Be7 11. Re1 Nc6 12. a3 h6 13. Bd2 Be6 14. Qc1 Re8 15.
g4 Bf8 16. Ng3 Nc7 17. c4 dxc3 18. Qxc3 Nd4 19. Nxd4 cxd4 20. Qc2 Rc8 21. Qa4
Qh4 22. Qxd4 Qxh3 23. Qe4 g6 24. Nh5 Nd5 25. Ng3 Nf6 26. Qg2 Qxg2+ 27. Kxg2
Red8 28. Bc3 Rxc3 0-1

[Event "European Club Cup Femenino 2014"]
[Site "Bilbao ESP"]
[Date "2014.09.18"]
[Round "5.1"]
[White "Kovalevskaya, Ekaterina"]
[Black "Federovski, Adi"]
[Result "1-0"]
[WhiteElo "2431"]
[BlackElo "1937"]
[PlyCount "111"]
[EventDate "2014.09.14"]
[EventType "swiss"]
[EventRounds "7"]
[EventCountry "ESP"]
[Source "lmi"]
[SourceDate "2014.09.14"]
[WhiteTeam "SHSM"]
[BlackTeam "Rishon Letzion"]

1. Nf3 Nf6 2. g3 g6 3. Bg2 Bg7 4. O-O O-O 5. d4 d6 6. Re1 Nbd7 7. e4 e5 8. Nc3
c6 9. a4 Qc7 10. h3 b6 11. Be3 a6 12. Qd2 Bb7 13. Bh6 Rfe8 14. Bxg7 Kxg7 15.
Nh4 Rad8 16. Rad1 h6 17. Ne2 b5 18. axb5 cxb5 19. d5 Rc8 20. c3 Nc5 21. Qe3 Na4
22. Rb1 Qc5 23. Qd2 Qc7 24. g4 Nc5 25. Ng3 Kh7 26. Bf1 Qe7 27. Ng2 Rc7 28. f3
Bc8 29. Ne3 Bd7 30. b4 Na4 31. c4 bxc4 32. Nxc4 Bb5 33. Na5 Bxf1 34. Nxf1 Nd7
35. Rec1 Rec8 36. Rxc7 Rxc7 37. Nc6 Qh4 38. Kg2 f5 39. Ra1 Ndb6 40. exf5 gxf5
41. Ng3 fxg4 42. hxg4 Qg5 43. Qd3+ Kh8 44. Ne4 Qf4 45. Nxd6 Rd7 46. Qg6 Qd2+
47. Kh3 Qf4 48. Rf1 Rg7 49. Qe8+ Kh7 50. Nf5 Rxg4 51. Qf7+ Kh8 52. Qf6+ Kh7 53.
Qe7+ Kh8 54. Qxe5+ Qxe5 55. Nxe5 Rxb4 56. Rg1 1-0

[Event "European Club Cup Femenino 2014"]
[Site "Bilbao ESP"]
[Date "2014.09.18"]
[Round "5.2"]
[White "Dzagnidze, Nana"]
[Black "Galliamova, Alisa"]
[Result "1/2-1/2"]
[WhiteElo "2566"]
[BlackElo "2472"]
[PlyCount "114"]
[EventDate "2014.09.14"]
[EventType "swiss"]
[EventRounds "7"]
[EventCountry "ESP"]
[Source "lmi"]
[SourceDate "2014.09.14"]
[WhiteTeam "Batumi Chess Club Nona"]
[BlackTeam "Ladya"]

1. d4 d5 2. c4 c6 3. Nf3 Nf6 4. Nc3 e6 5. e3 Nbd7 6. Bd3 dxc4 7. Bxc4 b5 8. Bd3
b4 9. Ne4 Be7 10. Qc2 Qb6 11. Nxf6+ Bxf6 12. O-O c5 13. Be4 Rb8 14. Rd1 h6 15.
d5 O-O 16. dxe6 Qxe6 17. Bd5 Qe7 18. e4 Bb7 19. Bf4 Ne5 20. Bxe5 Bxe5 21. Bxb7
Rxb7 22. Rd5 Bd4 23. Nxd4 cxd4 24. Rxd4 Rc7 25. Qb3 a5 26. Rad1 Rfc8 27. g3 Rc2
28. Rd8+ Rxd8 29. Rxd8+ Qxd8 30. Qxc2 g6 31. b3 Qd4 32. Kg2 h5 33. h4 Kg7 34.
Kf3 Qf6+ 35. Ke3 Qb6+ 36. Ke2 Qd4 37. Qd3 Qb2+ 38. Qd2 Qa1 39. Ke3 Kh7 40. Qc2
Kg8 41. Kd3 Qf1+ 42. Kd4 Qa6 43. Qd2 Qb6+ 44. Kd3 Qb5+ 45. Ke3 Qc5+ 46. Kf3 Kg7
47. Qg5 Qc3+ 48. Kg2 Qc2 49. e5 Qc6+ 50. Kg1 Qe6 51. Qf4 Qc6 52. Qd4 Kh7 53.
Qd6 Qe4 54. Qf6 Qd5 55. Qd6 Qe4 56. Qf6 Qd5 57. Qd6 Qe4 1/2-1/2

[Event "European Club Cup Femenino 2014"]
[Site "Bilbao ESP"]
[Date "2014.09.18"]
[Round "5.2"]
[White "Zatonskih, Anna"]
[Black "Khotenashvili, Bela"]
[Result "1/2-1/2"]
[WhiteElo "2469"]
[BlackElo "2507"]
[PlyCount "94"]
[EventDate "2014.09.14"]
[EventType "swiss"]
[EventRounds "7"]
[EventCountry "ESP"]
[Source "lmi"]
[SourceDate "2014.09.14"]
[WhiteTeam "Ladya"]
[BlackTeam "Batumi Chess Club Nona"]

1. Nf3 d5 2. d4 Nf6 3. c4 e6 4. g3 Be7 5. Bg2 O-O 6. O-O dxc4 7. Qc2 a6 8. a4
Bd7 9. Qxc4 Bc6 10. Bg5 h6 11. Bxf6 Bxf6 12. Nc3 Bxf3 13. Bxf3 c6 14. e3 a5 15.
b4 axb4 16. Qxb4 Ra7 17. a5 Be7 18. Qb3 Nd7 19. Rfb1 Qc7 20. Rc1 Qb8 21. Rab1
Rc8 22. Na4 Bd8 23. Nc5 Nxc5 24. Rxc5 Qa8 25. a6 b6 26. Rxc6 Rxc6 27. Qb5 Qc8
28. Bxc6 Qxa6 29. Qe5 Bc7 30. Qe4 Qa3 31. Bb5 g6 32. h4 h5 33. Kg2 Qc3 34. Qc6
Qxc6+ 35. Bxc6 Kf8 36. d5 exd5 37. Bxd5 Kg7 38. e4 Ra5 39. Rb3 Bd8 40. f4 f6
41. Be6 Ra7 42. f5 gxf5 43. Bxf5 Ra2+ 44. Kf3 Be7 45. Rxb6 Rf2+ 46. Kxf2 Bc5+
47. Kf3 Bxb6 1/2-1/2

[Event "European Club Cup Femenino 2014"]
[Site "Bilbao ESP"]
[Date "2014.09.18"]
[Round "5.2"]
[White "Melia, Salome"]
[Black "Atalik, Ekaterina"]
[Result "1/2-1/2"]
[WhiteElo "2464"]
[BlackElo "2421"]
[PlyCount "104"]
[EventDate "2014.09.14"]
[EventType "swiss"]
[EventRounds "7"]
[EventCountry "ESP"]
[Source "lmi"]
[SourceDate "2014.09.14"]
[WhiteTeam "Batumi Chess Club Nona"]
[BlackTeam "Ladya"]

1. e4 e6 2. d4 d5 3. Nd2 c5 4. exd5 Qxd5 5. Ngf3 cxd4 6. Bc4 Qd8 7. O-O Nc6 8.
Nb3 a6 9. Nbxd4 Nxd4 10. Nxd4 Bd6 11. Bd3 Ne7 12. Qh5 g6 13. Qh4 Nc6 14. Qxd8+
Nxd8 15. Re1 Bd7 16. Bh6 Nc6 17. Nf3 Bf8 18. Be3 Bg7 19. c3 O-O-O 20. Bb6 Rdf8
21. Rad1 e5 22. Bc4 f5 23. Ng5 e4 24. Ne6 Bxe6 25. Bxe6+ Kb8 26. Rd7 Be5 27.
Bd5 Rc8 28. a4 Bc7 29. Bxc6 bxc6 30. a5 h5 31. Red1 Rhe8 32. Kf1 Re6 33. Bc5
Bxa5 34. Ra1 Rd8 35. Rxd8+ Bxd8 36. Rxa6 Bc7 37. b4 Kc8 38. b5 Kd7 39. b6 Bb8
40. Ke2 Kc8 41. c4 f4 42. g3 g5 43. Ra1 Re5 44. Bd4 Rf5 45. c5 Rd5 46. Ra4 Kb7
47. gxf4 gxf4 48. h4 Rf5 49. Rc4 Rd5 50. Ra4 Rf5 51. Rc4 Rd5 52. Ra4 Rf5
1/2-1/2

[Event "European Club Cup Femenino 2014"]
[Site "Bilbao ESP"]
[Date "2014.09.18"]
[Round "5.2"]
[White "Zaiatz, Elena"]
[Black "Batsiashvili, Nino"]
[Result "0-1"]
[WhiteElo "2401"]
[BlackElo "2426"]
[PlyCount "138"]
[EventDate "2014.09.14"]
[EventType "swiss"]
[EventRounds "7"]
[EventCountry "ESP"]
[Source "lmi"]
[SourceDate "2014.09.14"]
[WhiteTeam "Ladya"]
[BlackTeam "Batumi Chess Club Nona"]

1. d4 d5 2. c4 e6 3. Nc3 Be7 4. Bf4 Nf6 5. e3 O-O 6. a3 c5 7. dxc5 Bxc5 8. Nf3
Nc6 9. b4 Be7 10. Be2 a6 11. cxd5 Nxd5 12. Nxd5 exd5 13. O-O Bf6 14. Rc1 Be6
15. Qd2 Qe7 16. Rc5 Rfd8 17. Nd4 Nxd4 18. exd4 Rdc8 19. Rfc1 Qf8 20. Bf3 Be7
21. Rc7 a5 22. bxa5 Bxa3 23. Rb1 Rxc7 24. Bxc7 Qc8 25. Qf4 Be7 26. h4 Bxh4 27.
Bb6 Bxf2+ 28. Kh2 Qc3 29. Bc5 Be3 30. Qc7 Bxd4 31. Qxb7 Be5+ 32. Kh1 Qxa5 33.
Bxd5 Bxd5 34. Qxd5 Bf6 35. Qf3 h6 36. Be3 Re8 37. Bf4 Qa2 38. Rd1 Qc2 39. Bg3
Qc5 40. Bf2 Qc3 41. Rd3 Qe5 42. Kg1 Qe4 43. Qd1 Ra8 44. Re3 Qc6 45. Qd3 Rd8 46.
Qe2 Bd4 47. Rf3 Bxf2+ 48. Rxf2 Qc5 49. Qf3 Qd5 50. Qf4 h5 51. Qc7 Re8 52. Kh2
Qe5+ 53. Qxe5 Rxe5 54. Kg3 g5 55. Ra2 Kg7 56. Ra6 f6 57. Kf3 Kg6 58. Ra8 Rb5
59. Rh8 Rb3+ 60. Kf2 h4 61. Ra8 f5 62. Ra5 f4 63. Rc5 h3 64. gxh3 Rxh3 65. Ra5
Rb3 66. Kg2 g4 67. Ra2 Kg5 68. Rc2 Kh4 69. Ra2 f3+ 0-1

[Event "European Club Cup Femenino 2014"]
[Site "Bilbao ESP"]
[Date "2014.09.19"]
[Round "6.1"]
[White "Gunina, Valentina"]
[Black "Len, Irina"]
[Result "1-0"]
[WhiteElo "2540"]
[BlackElo "2133"]
[PlyCount "49"]
[EventDate "2014.09.14"]
[EventType "swiss"]
[EventRounds "7"]
[EventCountry "ESP"]
[Source "lmi"]
[SourceDate "2014.09.14"]
[WhiteTeam "SHSM"]
[BlackTeam "Herzliya Chess Club"]

1. d4 d5 2. c4 e6 3. Nc3 Nf6 4. cxd5 exd5 5. Bg5 Nbd7 6. e3 Be7 7. Bd3 O-O 8.
Qc2 Re8 9. Nge2 Nf8 10. O-O c6 11. f3 Nh5 12. Bxe7 Qxe7 13. e4 dxe4 14. fxe4
Be6 15. Rf2 Qg5 16. Raf1 Re7 17. e5 Rd8 18. Ne4 Qe3 19. Nd6 c5 20. Qc3 cxd4 21.
Qxd4 Qxd4 22. Nxd4 Bxa2 23. b3 Rxe5 24. Nxf7 Rxd4 25. Nh6+ 1-0

[Event "European Club Cup Femenino 2014"]
[Site "Bilbao ESP"]
[Date "2014.09.19"]
[Round "6.1"]
[White "Yakovleva, Tatiana"]
[Black "Girya, Olga"]
[Result "0-1"]
[WhiteElo "2047"]
[BlackElo "2476"]
[PlyCount "49"]
[EventDate "2014.09.14"]
[EventType "swiss"]
[EventRounds "7"]
[EventCountry "ESP"]
[Source "lmi"]
[SourceDate "2014.09.14"]
[WhiteTeam "Herzliya Chess Club"]
[BlackTeam "SHSM"]

1. d4 d5 2. c4 c6 3. Nf3 Nf6 4. Nc3 dxc4 5. e3 b5 6. a4 b4 7. Nb1 Ba6 8. Ne5 e6
9. Nxc4 c5 10. Qf3 Qd5 11. Nbd2 cxd4 12. e4 Qc6 13. Na5 Qc7 14. e5 Qxe5+ 15.
Be2 Bxe2 16. Qxe2 Qxa5 17. O-O Be7 18. Rd1 O-O 19. Nb3 Qa6 20. Qf3 Qc6 21. Qg3
Ne4 22. Qd3 Nc5 23. Nxd4 Nxd3 24. Nxc6 Nxc6 25. Rxd3 0-1

[Event "European Club Cup Femenino 2014"]
[Site "Bilbao ESP"]
[Date "2014.09.19"]
[Round "6.1"]
[White "Kashlinskaya, Alina"]
[Black "Lian, Marina"]
[Result "1-0"]
[WhiteElo "2433"]
[BlackElo "1871"]
[PlyCount "87"]
[EventDate "2014.09.14"]
[EventType "swiss"]
[EventRounds "7"]
[EventCountry "ESP"]
[Source "lmi"]
[SourceDate "2014.09.14"]
[WhiteTeam "SHSM"]
[BlackTeam "Herzliya Chess Club"]

1. d4 Nf6 2. c4 e6 3. Nc3 Bb4 4. e3 b6 5. Nge2 Ne4 6. Qc2 Bb7 7. a3 Bxc3+ 8.
Nxc3 f5 9. d5 Qf6 10. Nxe4 fxe4 11. Qxe4 O-O 12. f3 Na6 13. Bd3 g6 14. Qd4 Nc5
15. Bc2 Qg5 16. O-O exd5 17. e4 Ne6 18. Qd1 Nf4 19. Bxf4 Rxf4 20. cxd5 h5 21.
Rc1 d6 22. Bd3 Rf7 23. Rc3 Raf8 24. Qc1 Qe7 25. Qh6 Qf6 26. Rfc1 Rh7 27. Qe3
Rff7 28. Bc4 Kh8 29. Ba2 Qe5 30. R3c2 Kg8 31. Qc3 Qf4 32. e5 g5 33. e6 Re7 34.
Qd3 g4 35. Qd2 Qe5 36. f4 Qf5 37. Rc3 Rhg7 38. Rd1 h4 39. Bb1 Qf6 40. Qd4 Qf8
41. f5 Rg5 42. f6 Rxd5 43. Qxg4+ Rg7 44. f7+ 1-0

[Event "European Club Cup Femenino 2014"]
[Site "Bilbao ESP"]
[Date "2014.09.19"]
[Round "6.1"]
[White "Haitovich, Avital"]
[Black "Kovalevskaya, Ekaterina"]
[Result "0-1"]
[WhiteElo "1891"]
[BlackElo "2431"]
[PlyCount "73"]
[EventDate "2014.09.14"]
[EventType "swiss"]
[EventRounds "7"]
[EventCountry "ESP"]
[Source "lmi"]
[SourceDate "2014.09.14"]
[WhiteTeam "Herzliya Chess Club"]
[BlackTeam "SHSM"]

1. e4 c5 2. Nc3 Nc6 3. f4 e6 4. Nf3 Nge7 5. Bb5 a6 6. Bxc6 Nxc6 7. O-O Be7 8.
d3 d5 9. Qe1 O-O 10. Qf2 b5 11. Ne2 c4 12. Ned4 Nxd4 13. Nxd4 cxd3 14. Nc6 Bh4
15. Nxd8 Bxf2+ 16. Rxf2 Rxd8 17. cxd3 dxe4 18. dxe4 Bb7 19. e5 Rd1+ 20. Rf1
Rxf1+ 21. Kxf1 Rc8 22. Be3 Rc2 23. Rd1 Bxg2+ 24. Ke1 Bd5 25. Rc1 Rxc1+ 26. Bxc1
Bxa2 27. Bd2 Bb3 28. Ba5 h6 29. Bd2 Kh7 30. Kf2 Kg6 31. Kg3 Kf5 32. Bc3 Ke4 33.
Kg4 Kd3 34. h4 Bd1+ 35. Kg3 Kc4 36. f5 b4 37. Bd2 0-1

[Event "European Club Cup Femenino 2014"]
[Site "Bilbao ESP"]
[Date "2014.09.19"]
[Round "6.2"]
[White "Ushenina, Anna"]
[Black "Paehtz, Elisabeth"]
[Result "1-0"]
[WhiteElo "2481"]
[BlackElo "2467"]
[PlyCount "115"]
[EventDate "2014.09.14"]
[EventType "swiss"]
[EventRounds "7"]
[EventCountry "ESP"]
[Source "lmi"]
[SourceDate "2014.09.14"]
[WhiteTeam "Ugra"]
[BlackTeam "SC Bad Konigshofen"]

1. d4 e6 2. c4 Bb4+ 3. Nd2 c5 4. a3 Bxd2+ 5. Qxd2 cxd4 6. Nf3 Nf6 7. Nxd4 d5 8.
cxd5 Qxd5 9. e3 O-O 10. Nb5 Qe5 11. f4 Qc5 12. b4 Qe7 13. Qd6 Nc6 14. Qxe7 Nxe7
15. Bb2 Bd7 16. Bd3 Nf5 17. Bxf6 gxf6 18. Ke2 Ne7 19. Rhc1 Bxb5 20. Bxb5 Nd5
21. Bc4 Rfd8 22. Bxd5 Rxd5 23. Rc7 b5 24. Rac1 a5 25. Rc8+ Rd8 26. Rxa8 Rxa8
27. Rc5 axb4 28. axb4 Ra2+ 29. Kf3 f5 30. Rxb5 Rb2 31. h3 h5 32. Rb8+ Kg7 33.
b5 h4 34. b6 Kh7 35. g3 hxg3 36. Kxg3 Kg7 37. b7 Kh7 38. h4 Kg7 39. h5 Kh7 40.
h6 f6 41. Kf3 e5 42. Kg3 Rb4 43. Kg2 Rb6 44. Kf2 Rb2+ 45. Ke1 Rb4 46. Kd2 Rb1
47. Kc2 Rb6 48. Kc3 Rb1 49. Kc4 Rb2 50. Kc5 Rb1 51. Kd6 exf4 52. exf4 Rb2 53.
Ke6 Rb6+ 54. Kxf5 Rb4 55. Ke6 Rb6+ 56. Ke7 Rb4 57. f5 Rb6 58. Kf7 1-0

[Event "European Club Cup Femenino 2014"]
[Site "Bilbao ESP"]
[Date "2014.09.19"]
[Round "6.2"]
[White "Mkrtchian, Lilit"]
[Black "Pogonina, Natalija"]
[Result "0-1"]
[WhiteElo "2457"]
[BlackElo "2482"]
[PlyCount "50"]
[EventDate "2014.09.14"]
[EventType "swiss"]
[EventRounds "7"]
[EventCountry "ESP"]
[Source "lmi"]
[SourceDate "2014.09.14"]
[WhiteTeam "SC Bad Konigshofen"]
[BlackTeam "Ugra"]

1. c4 e6 2. g3 d5 3. Bg2 Nf6 4. Nf3 dxc4 5. Qa4+ Bd7 6. Qxc4 c5 7. Ne5 Qc8 8.
O-O Nc6 9. Nxd7 Qxd7 10. Nc3 Be7 11. a3 O-O 12. Rd1 Rac8 13. Qa4 Rfd8 14. Rb1
a6 15. b4 cxb4 16. axb4 b5 17. Qxa6 Nxb4 18. Qa1 Nc2 19. Qa5 b4 20. Na4 Nd4 21.
e3 Ne2+ 22. Kh1 Ng4 23. Rf1 Rxc1 24. Rbxc1 Nxc1 25. Rxc1 Qxd2 0-1

[Event "European Club Cup Femenino 2014"]
[Site "Bilbao ESP"]
[Date "2014.09.19"]
[Round "6.2"]
[White "Kovanova, Baira"]
[Black "Savina, Anastasia"]
[Result "0-1"]
[WhiteElo "2399"]
[BlackElo "2373"]
[PlyCount "98"]
[EventDate "2014.09.14"]
[EventType "swiss"]
[EventRounds "7"]
[EventCountry "ESP"]
[Source "lmi"]
[SourceDate "2014.09.14"]
[WhiteTeam "Ugra"]
[BlackTeam "SC Bad Konigshofen"]

1. Nf3 Nf6 2. c4 g6 3. Nc3 Bg7 4. d4 c5 5. e4 O-O 6. Be2 d6 7. O-O cxd4 8. Nxd4
Nc6 9. Be3 a6 10. Kh1 Bd7 11. f3 Rc8 12. Rc1 Nxd4 13. Bxd4 Bc6 14. b4 Bh6 15.
Rb1 Nh5 16. g3 Bg7 17. f4 Nf6 18. Bf3 b5 19. cxb5 axb5 20. Qe2 Qd7 21. Rbd1 Qb7
22. a4 Rb8 23. a5 Rbc8 24. Qg2 Rfd8 25. Bb6 Re8 26. Bd4 Nd7 27. Bxg7 Kxg7 28.
Nd5 e5 29. Nc3 exf4 30. gxf4 Nf6 31. Rxd6 Bxe4 32. Nxe4 Nxe4 33. Rd4 f5 34.
Rfd1 Re7 35. Qb2 Kf7 36. Qa2+ Kg7 37. Qb2 Kf7 38. Rd8 Rxd8 39. Rxd8 Qc7 40. Rh8
Nf6 41. Qd2 Rd7 42. Qe3 Qc4 43. Kg2 Qc2+ 44. Kg3 Kg7 45. Ra8 Kh6 46. Qg1 Rd2
47. Kh3 Ng4 48. Bxg4 fxg4+ 49. Kg3 Qe4 0-1

[Event "European Club Cup Femenino 2014"]
[Site "Bilbao ESP"]
[Date "2014.09.19"]
[Round "6.2"]
[White "Schoene, Maria"]
[Black "Shadrina, Tatiana"]
[Result "0-1"]
[WhiteElo "2261"]
[BlackElo "2327"]
[PlyCount "92"]
[EventDate "2014.09.14"]
[EventType "swiss"]
[EventRounds "7"]
[EventCountry "ESP"]
[Source "lmi"]
[SourceDate "2014.09.14"]
[WhiteTeam "SC Bad Konigshofen"]
[BlackTeam "Ugra"]

1. e4 c5 2. Nf3 d6 3. d4 cxd4 4. Nxd4 Nf6 5. Nc3 a6 6. Be3 e6 7. Be2 Qc7 8. a3
b5 9. g4 Bb7 10. f3 h6 11. Qd2 d5 12. e5 Nfd7 13. f4 Nc6 14. O-O Bc5 15. Bf3
O-O 16. Nce2 Rac8 17. Rf2 Rfe8 18. Kh1 Ncxe5 19. fxe5 Nxe5 20. Bxh6 gxh6 21.
Qxh6 Qe7 22. Raf1 Rc7 23. Rg2 Ng6 24. c3 Qh4 25. Qd2 Kf8 26. g5 Ke7 27. Rg4 Qh3
28. Ng3 Kd8 29. Re1 Nh4 30. Qf4 Nxf3 31. Nxf3 Rh8 32. Nf1 Kc8 33. Rg3 Qh5 34.
Nd4 Rd7 35. Rg2 Bd6 36. Qf2 e5 37. Nf5 Bc7 38. N1g3 Qxg5 39. Kg1 Qf6 40. Kh1 d4
41. Ne4 Qb6 42. Nfg3 Rh4 43. cxd4 Rf4 44. Qc2 Rxd4 45. Rd2 Rxd2 46. Qxd2 f5 0-1

[Event "European Club Cup Femenino 2014"]
[Site "Bilbao ESP"]
[Date "2014.09.20"]
[Round "7.1"]
[White "Dzagnidze, Nana"]
[Black "Gunina, Valentina"]
[Result "1-0"]
[WhiteElo "2566"]
[BlackElo "2540"]
[PlyCount "65"]
[EventDate "2014.09.14"]
[EventType "swiss"]
[EventRounds "7"]
[EventCountry "ESP"]
[Source "lmi"]
[SourceDate "2014.09.14"]

1. d4 d5 2. c4 c6 3. cxd5 cxd5 4. Nc3 Nf6 5. Nf3 Nc6 6. Bf4 e6 7. e3 Be7 8. Bd3
O-O 9. Rc1 Nh5 10. Be5 Nxe5 11. dxe5 g6 12. O-O Qb6 13. Rc2 Bd7 14. Qe2 Rfc8
15. Rfc1 a6 16. Qd1 Ng7 17. Nd4 f6 18. exf6 Bxf6 19. Na4 Qb4 20. Nc5 Bxd4 21.
exd4 Rd8 22. Qg4 Bc8 23. Qg5 Rf8 24. Qe5 Qa5 25. Nxb7 Qb6 26. Rc7 Ne8 27. Rxc8
Qxb2 28. Qxe6+ Kh8 29. Qe5+ Ng7 30. R8c2 Qa3 31. Rc7 Rg8 32. Nd6 Raf8 33. Bxg6
1-0

[Event "European Club Cup Femenino 2014"]
[Site "Bilbao ESP"]
[Date "2014.09.20"]
[Round "7.1"]
[White "Melia, Salome"]
[Black "Girya, Olga"]
[Result "1-0"]
[WhiteElo "2464"]
[BlackElo "2476"]
[PlyCount "75"]
[EventDate "2014.09.14"]
[EventType "swiss"]
[EventRounds "7"]
[EventCountry "ESP"]
[Source "lmi"]
[SourceDate "2014.09.14"]

1. e4 c6 2. d4 d5 3. Nc3 dxe4 4. Nxe4 Nd7 5. Nf3 Ngf6 6. Nxf6+ Nxf6 7. g3 Bg4
8. Bg2 Qa5+ 9. c3 e6 10. h3 Bxf3 11. Bxf3 Bd6 12. O-O O-O 13. Qb3 Rab8 14. Kg2
Rfe8 15. Re1 Re7 16. Bd2 Rbe8 17. Rad1 Qc7 18. c4 c5 19. Bg5 cxd4 20. Rxd4 Be5
21. Rd2 h6 22. Be3 b6 23. Red1 Rd7 24. Rxd7 Nxd7 25. Qb5 Re7 26. b4 Bf6 27. c5
bxc5 28. bxc5 e5 29. c6 Nf8 30. Be4 Ne6 31. Qb7 g6 32. Bxa7 Qa5 33. Rd7 Rxd7
34. Qxd7 Nf8 35. Qb7 Bd8 36. Bb8 Ne6 37. Qd7 Bc7 38. Bxg6 1-0

[Event "European Club Cup Femenino 2014"]
[Site "Bilbao ESP"]
[Date "2014.09.20"]
[Round "7.1"]
[White "Kashlinskaya, Alina"]
[Black "Batsiashvili, Nino"]
[Result "1-0"]
[WhiteElo "2433"]
[BlackElo "2426"]
[PlyCount "135"]
[EventDate "2014.09.14"]
[EventType "swiss"]
[EventRounds "7"]
[EventCountry "ESP"]
[Source "lmi"]
[SourceDate "2014.09.14"]

1. d4 d5 2. c4 e6 3. Nc3 Be7 4. cxd5 exd5 5. Bf4 c6 6. e3 Bd6 7. Bxd6 Qxd6 8.
Bd3 Ne7 9. Qc2 b6 10. Nf3 Ba6 11. Bxa6 Nxa6 12. O-O O-O 13. a3 Nc7 14. Rac1
Rfc8 15. Rfd1 f6 16. Re1 Qd7 17. h3 Nb5 18. Nxb5 cxb5 19. Qb3 Kf8 20. Nd2 a6
21. Nb1 Rxc1 22. Rxc1 Rc8 23. Rd1 Rc4 24. Nc3 Qd6 25. Na2 Qd7 26. Nb4 Qc8 27.
e4 dxe4 28. d5 a5 29. Na2 a4 30. Qxb5 Qc5 31. Qxc5 bxc5 32. Nc3 f5 33. Nb5 Rc2
34. Na7 Rxb2 35. d6 Ke8 36. dxe7 Kxe7 37. Rd5 c4 38. Rc5 Rb3 39. Rxc4 Rxa3 40.
Rc5 Kf6 41. Nb5 Ra1+ 42. Kh2 Ra2 43. Kg3 Rd2 44. Rc6+ Ke5 45. f4+ exf3 46. Kxf3
g5 47. Ra6 h5 48. Nc7 Ra2 49. Ra5+ Kf6 50. Ne8+ Ke7 51. Ng7 g4+ 52. Kg3 f4+ 53.
Kxf4 Rxg2 54. h4 Rf2+ 55. Kg5 g3 56. Nf5+ Ke6 57. Nxg3 Rg2 58. Kf4 Rh2 59. Rxh5
a3 60. Kg4 a2 61. Ra5 Rc2 62. h5 Kf6 63. Ra6+ Kf7 64. Ne4 Rg2+ 65. Kf5 Kg7 66.
h6+ Kh8 67. Ng5 Rf2+ 68. Ke4 1-0

[Event "European Club Cup Femenino 2014"]
[Site "Bilbao ESP"]
[Date "2014.09.20"]
[Round "7.2"]
[White "Hou, Yifan"]
[Black "Efroimski, Marsel"]
[Result "1-0"]
[WhiteElo "2663"]
[BlackElo "2331"]
[PlyCount "41"]
[EventDate "2014.09.14"]
[EventType "swiss"]
[EventRounds "7"]
[EventCountry "ESP"]
[Source "lmi"]
[SourceDate "2014.09.14"]

1. c4 e5 2. g3 Nf6 3. Bg2 d5 4. cxd5 Nxd5 5. Nc3 Nb6 6. Nf3 Nc6 7. Rb1 a5 8. d3
Be7 9. O-O Be6 10. Be3 O-O 11. Rc1 Nd5 12. Nxd5 Bxd5 13. Qa4 Rb8 14. Qb5 Re8
15. Nxe5 Bxa2 16. Nxc6 bxc6 17. Qxa5 Rxb2 18. Bxc6 Bb4 19. Qa7 Rf8 20. Bf3 Bd5
21. Qd4 1-0

[Event "European Club Cup Femenino 2014"]
[Site "Bilbao ESP"]
[Date "2014.09.20"]
[Round "7.2"]
[White "Cramling, Pia"]
[Black "Vardi, Shlomit"]
[Result "1-0"]
[WhiteElo "2516"]
[BlackElo "1957"]
[PlyCount "65"]
[EventDate "2014.09.14"]
[EventType "swiss"]
[EventRounds "7"]
[EventCountry "ESP"]
[Source "lmi"]
[SourceDate "2014.09.14"]

1. d4 Nf6 2. c4 d6 3. Nf3 g6 4. Nc3 Bg7 5. Bg5 h6 6. Bh4 Nbd7 7. e3 c6 8. Qc2
g5 9. Bg3 Nh5 10. Be2 Qa5 11. Nd2 Ndf6 12. Bd3 Nxg3 13. hxg3 a6 14. a3 Qc7 15.
b4 b6 16. Rb1 Bb7 17. c5 dxc5 18. bxc5 b5 19. Nf3 Rd8 20. Ne5 Bc8 21. Be2 O-O
22. f4 gxf4 23. gxf4 Nd5 24. Nxd5 cxd5 25. Bd3 Bxe5 26. fxe5 Kg7 27. Qf2 Rh8
28. O-O Rhf8 29. Qg3+ Kh8 30. Qh4 Kg7 31. Rf6 Rh8 32. Rxf7+ Kxf7 33. Qh5+ 1-0

[Event "European Club Cup Femenino 2014"]
[Site "Bilbao ESP"]
[Date "2014.09.20"]
[Round "7.2"]
[White "Federovski, Adi"]
[Black "Skripchenko, Almira"]
[Result "1-0"]
[WhiteElo "1937"]
[BlackElo "2430"]
[PlyCount "179"]
[EventDate "2014.09.14"]
[EventType "swiss"]
[EventRounds "7"]
[EventCountry "ESP"]
[Source "lmi"]
[SourceDate "2014.09.14"]

1. e4 c5 2. Nf3 Nc6 3. c4 e5 4. Nc3 d6 5. d3 Be7 6. g3 f5 7. Nd5 Nf6 8. Bg2 O-O
9. O-O Kh8 10. Re1 Rb8 11. a3 Qe8 12. b4 cxb4 13. Nxe7 Qxe7 14. axb4 fxe4 15.
dxe4 Nxb4 16. Ba3 a5 17. Qd2 Bg4 18. Bxb4 axb4 19. Qxb4 Nd7 20. Nd2 Nc5 21. Qc3
Rfc8 22. h3 Be6 23. Qe3 Qf7 24. Rec1 Rf8 25. Rab1 Rbc8 26. Rc3 Rc7 27. Rcc1 h6
28. Ra1 Rfc8 29. Rab1 Nd7 30. Rb4 Nb8 31. Rcb1 Nc6 32. Rb6 Qd7 33. Kh2 Nd4 34.
Bf1 Ra8 35. Nf3 Nc6 36. Qb3 Rf8 37. Bg2 Nd8 38. Qd3 Rc6 39. Rxc6 Qxc6 40. Rd1
Bxc4 41. Qxd6 Qxd6 42. Rxd6 Nc6 43. Kg1 Ra8 44. Nd2 Bg8 45. Bf1 Ra4 46. f4 Rb4
47. Kf2 Ba2 48. Ke3 Kg8 49. Rd7 Kf8 50. h4 Bf7 51. Rc7 Rb2 52. Rc8+ Ke7 53.
Rc7+ Kf6 54. Ba6 Nd8 55. fxe5+ Kxe5 56. Bd3 Kd6 57. Rxf7 Rxd2 58. Rxg7 Rg2 59.
Bf1 Rb2 60. Rg6+ Ke5 61. Rxh6 Rb3+ 62. Bd3 Nc6 63. Rh5+ Ke6 64. Kd2 Ne5 65.
Rh6+ Kd7 66. Be2 Rxg3 67. h5 Rh3 68. Rb6 Kc7 69. Re6 Nc6 70. Rf6 Kb6 71. h6 Kc7
72. Bg4 Rh4 73. Rf7+ Kd6 74. h7 Ne5 75. Rf6+ Kc5 76. Bf5 Nf3+ 77. Ke3 Ng5 78.
Rf8 Nxh7 79. Rh8 Rh6 80. Rxh7 Rb6 81. Kd3 Rb3+ 82. Kc2 Rb4 83. Rc7+ Kd6 84. Rc3
Ra4 85. Kb3 Ra1 86. Kb4 Rb1+ 87. Rb3 Rc1 88. Kb5 Kc7 89. Rb4 Re1 90. Be6 1-0